| 000 | 00706nam a2200229 a 4500 | ||
|---|---|---|---|
| 005 | 20240911064342.0 | ||
| 008 | 131119s2010 mx r 000 0 spa d | ||
| 020 | _a9789582010256 | ||
| 035 | _aUPN01000194106 | ||
| 049 | _aCG | ||
| 050 | 4 |
_aQ175 _bG8.3 |
|
| 100 | 1 |
_aGuevara Pardo, Guillermo, _d1953- _934770 |
|
| 245 | 1 | 0 |
_aCiencias naturales : _bentre el materialismo y el idealismo : sum ergo cogito (existo luego pienso) / _cGuillermo Guevara Pardo. |
| 260 |
_aBogotá : _bMagisterio, _c2010. |
||
| 300 | _a358 p. | ||
| 440 | 0 | _aEdiciones especiales | |
| 650 | 4 |
_aCiencia _xFilosofĂa _94696 |
|
| 650 | 2 |
_aMaterialismo _97265 |
|
| 650 | 2 |
_aIdealismo _922708 |
|
| 905 | _aLibro | ||
| 999 |
_c166207 _d166207 |
||